000
00293nam a22001337a 4500
003
SGT
020
_a
9769387590311
082
_b
SUP
100
_a
SUPRIYA
245
_a
FARM MANAGEMENT AND ITS PRACTICAL UTILITY
260
_b
JAYA PUBLISHING HOUSE
_c
2018
300
_a
98
942
_2
ddc
_c
BK
_0
6
999
_c
16149
_d
16149